|
|
|
|
| LEADER |
02024nam a22003371i 4500 |
| 003 |
GR-PaULI |
| 005 |
20250403112819.0 |
| 008 |
170630s2000 gr ||||| |||| 00| 0 gre d |
| 020 |
|
|
|a 9603931314
|
| 040 |
|
|
|a GR-PaULI
|b gre
|c GR-PaULI
|e AACR2
|
| 041 |
|
|
|a gre
|h eng
|
| 082 |
|
|
|2 23
|a 616.891 7
|
| 100 |
1 |
|
|9 163038
|a McWilliams, Nancy
|e συγγραφέας.
|
| 240 |
|
|
|a Psychoanalytic diagnosis : understanding personality structure in the clinical process
|l Ελληνικά.
|
| 245 |
|
|
|a Ψυχαναλυτική διάγνωση :
|b η κατανόηση της δομής της προσωπικότητας στα πλαίσια της κλινικής διαδικασίας /
|c McWilliams, Nancy ; μετάφραση Αντωνία Καραμπέτσου ; επιμέλεια Τάνια Αναγνωστοπούλου, Σοφία Τριλίβα.
|
| 260 |
|
|
|a Αθήνα :
|b Ελληνικά Γράμματα,
|c 2000.
|
| 300 |
|
|
|a 765 σ. ;
|c 21 εκ.
|
| 490 |
|
|
|a Ψυχανάλυση (Ελληνικά Γράμματα)
|
| 504 |
|
|
|6 Περιλαμβάνει βιβλιογραφία.
|
| 650 |
|
0 |
|9 29198
|a Προσωπικότητα
|x Ανάπτυξη
|
| 650 |
|
0 |
|9 42219
|a Προσωπικότητα
|x Διαταραχές
|
| 650 |
|
0 |
|9 35
|a Ψυχοθεραπεία
|
| 700 |
1 |
|
|9 163039
|a Καραμπέτσου, Αντωνία
|e μεταφράστρια.
|
| 700 |
1 |
|
|a Τριλίβα, Σοφία
|e επιμελήτρια.
|9 39173
|
| 700 |
1 |
|
|a Αναγνωστοπούλου, Τάνια
|e επιμελήτρια.
|9 39761
|
| 767 |
|
|
|i Μετάφραση του :
|t Psychoanalytic diagnosis : understanding personality structure in the clinical process
|
| 830 |
|
|
|9 163040
|a Ψυχανάλυση (Ελληνικά Γράμματα)
|
| 942 |
|
|
|2 ddc
|c BK15
|
| 952 |
|
|
|0 0
|1 0
|2 ddc
|4 0
|6 616_891000000000000_7_MCW
|7 0
|9 213629
|a LISP
|b LISP
|c BSC
|d 2017-06-30
|i 118111
|l 2
|m 2
|o 616.891 7 MCW
|p 025000159929
|r 2018-06-15 00:00:00
|s 2018-05-14
|t 1
|v 2017.00
|w 2017-06-30
|y BK15
|
| 998 |
|
|
|c ΜΠΟΥΡΑΣ
|d 2017-06
|
| 999 |
|
|
|c 129916
|d 129916
|